000 00280 a2200121 4500
001 146984
040 _cEscola São Tomás de Aquino
100 _aBANDEIRA, Pedro
240 1 0 _aA onça e o saci
_lpor
245 1 0 _aA onça e o saci
697 _a*LITERATURA INFANTIL
942 _cBK
999 _c146984
_d146984